000 01048nam a2200301 i 4500
003 CO-BoRNBP
005 20250116104135.0
007 ta
008 250116s2023 Uy a|||| |||| 00| 0 spa d
020 _a9789915651811
040 _aCO-BoRNBP
_bspa
_cCO-BoRNBP
_erda
041 _aspa
084 _aC CUE
245 1 0 _aMás y más cuentos para 1 año/
_cautoria e ilustraciones, Equipo Editorial Mammoth World; traducción, Equipo Editorial Latinbooks
250 _aPrimera edición
264 4 _aMontevideo, Uruguay
_bLatinbooks International S.A.
_c2023
300 _a96 páginas,
_bilustraciones a color,
_calto 26 cm ancho 21 cm
336 _2rdacontent
_atexto
_btxt
337 _2rdamedia
_asin mediación
_bn
338 _2rdacarrier
_avolumen
_bnc
490 _aMás y más cuentos
650 _2LEMB
_aLiteratura infantil
_92746
650 _2LEMB
_aCuentos para niños
_957540
650 _2LEMB
_aFábulas
_91053
650 _2LEMB
_aCuentos con animales
_929368
650 _2LEMB
_aCuentos para 1 año
_957541
942 _2ddc
_cBKINF
999 _c56757
_d56757